000 00432nam a2200169 a 4500
001 0000-8564
003 ELIB.Books
008 110520 1930
035 _a(ELIB.Books)0000-8710
082 _a232
_bMac
100 _aMachen, J. Gresham
245 _aThe Virgin Birth of Christ
260 _bGrand Rapids: Baker Book House
_c1930
650 _aJesus Christ
942 _2ddc
_cBK
998 _cbat
_e2011-05-20
999 _c8564
_d8564